| 000 | 00528nam a22001457a 4500 | ||
|---|---|---|---|
| 003 | SGT | ||
| 082 |
_a616.01 _bC22D |
||
| 100 | _aDevi, Leimapokpam Sumitra | ||
| 245 | _aCommunity Acquired Infections With Extended -spectrum b- lactamases ( ESBLs) producing Escherichia coli and Klebsialla pneumoniae in patients attnding a Hospital in Rural Area Analysis Of Risk Factors and Molecular Epidemiology | ||
| 260 |
_aGURUGRAM _bSGT UNIVERSITY _c2022 |
||
| 300 | _a170 | ||
| 650 | _aMICROBIOLOGY | ||
| 653 | _aPHD | ||
| 942 |
_2ddc _cTH |
||
| 999 |
_c26461 _d26461 |
||